000 00709nam a2200289Ia 4500
005 20260324130004.0
008 008 260324s9999 xx 000 0 eng d
020 _a9780429207419
037 _aEBOOK
040 _aCRL
040 _beng
040 _cCRL
041 _2eng
041 _aeng
084 _qCRL
100 _aM. Monirul Qader Mirza; Q.K. Ahmad; Ahsan Uddin Ahmed
_91180096
245 0 _aInterlinking of Rivers in India
245 0 _bIssues and Concerns
260 _bTaylor and Francis
260 _c2008
365 _a
365 _b255
856 _uhttp://www.taylorfrancis.com/books/9780429207419
942 _cEBOOK
999 _c1775826
_d1775826